[Event "chess.com SpeedChess 2022"]
[Site "chess.com INT"]
[Date "2022.11.23"]
[Round "1.33"]
[White "Caruana, Fabiano"]
[Black "Erigaisi, Arjun"]
[Result "1-0"]
[WhiteTitle "GM"]
[BlackTitle "GM"]
[WhiteElo "2766"]
[BlackElo "2718"]
[WhiteFideId "2020009"]
[BlackFideId "35009192"]
[EventDate "2022.11.23"]
[EventType "k.o."]

1. d4 d5 2. Nf3 e6 3. Bf4 Nf6 4. e3 Bd6 5. Bd3 b6 6. Nbd2 Bb7 7. O-O O-O 8. c3
Ne4 9. Qc2 f5 10. Ne5 Nd7 11. Nxd7 Qxd7 12. f3 Nxd2 13. Qxd2 c5 14. a4 c4 15.
Bc2 Bc6 16. Be5 Bxe5 17. dxe5 Qe7 18. f4 Qc5 19. Qd4 Qxd4 20. exd4 a6 21. Kf2
Kf7 22. Ke3 Ke7 23. Rg1 g6 24. g4 b5 25. axb5 axb5 26. h3 Kd7 27. gxf5 exf5 28.
h4 b4 29. cxb4 Rfb8 30. Rxa8 Bxa8 31. h5 Rxb4 32. hxg6 hxg6 33. Rxg6 Rxb2 34.
Bxf5+ Kc7 35. Rg7+ Kb6 36. Bh7 Rh2 37. f5 c3 38. f6 c2 39. Bxc2 Rxc2 40. f7 1-0

[Event "chess.com SpeedChess 2022"]
[Site "chess.com INT"]
[Date "2022.11.23"]
[Round "1.34"]
[White "Erigaisi, Arjun"]
[Black "Caruana, Fabiano"]
[Result "1-0"]
[WhiteTitle "GM"]
[BlackTitle "GM"]
[WhiteElo "2718"]
[BlackElo "2766"]
[WhiteFideId "35009192"]
[BlackFideId "2020009"]
[EventDate "2022.11.23"]
[EventType "k.o."]

1. d4 Nf6 2. Bg5 e6 3. e4 h6 4. Bxf6 Qxf6 5. c3 d5 6. Nd2 Qd8 7. Ngf3 Be7 8. Bd3
Nd7 9. Qe2 c6 10. h4 Qc7 11. O-O-O a5 12. Kb1 b6 13. c4 dxc4 14. Nxc4 Bb7 15.
Rc1 c5 16. e5 O-O 17. Rh3 b5 18. Ne3 c4 19. Bc2 f5 20. exf6 Nxf6 21. Ng4 Bd5 22.
Nfe5 b4 23. Nxh6+ Kh8 24. Ng6+ 1-0

[Event "chess.com SpeedChess 2022"]
[Site "chess.com INT"]
[Date "2022.11.23"]
[Round "1.35"]
[White "Caruana, Fabiano"]
[Black "Erigaisi, Arjun"]
[Result "1-0"]
[WhiteTitle "GM"]
[BlackTitle "GM"]
[WhiteElo "2766"]
[BlackElo "2718"]
[WhiteFideId "2020009"]
[BlackFideId "35009192"]
[EventDate "2022.11.23"]
[EventType "k.o."]

1. e4 e6 2. Nc3 d5 3. d4 Nf6 4. e5 Ne4 5. Nxe4 dxe4 6. Bc4 a6 7. Ne2 b5 8. Bb3
c5 9. c3 Bb7 10. O-O Nc6 11. Be3 Qh4 12. Ng3 O-O-O 13. Qe2 cxd4 14. cxd4 Nxd4
15. Bxd4 Rxd4 16. a4 bxa4 17. Bxa4 e3 18. Rfc1+ Kb8 19. Bc6 exf2+ 20. Qxf2 Qf4
21. Qc2 Rd2 22. Qb3 Qb4 23. Qf3 Bc5+ 24. Kh1 Rf2 25. Bxb7 Rxf3 26. Bxf3 Bd4 27.
Rxa6 Ba7 28. Rca1 Qd4 29. Rxa7 Qxa7 30. Rxa7 Kxa7 31. Ne4 Rb8 32. h4 Rxb2 33.
Nd6 f5 34. Ne8 g6 35. Nf6 h6 36. Ng8 g5 37. Kh2 g4 38. Bc6 f4 39. Nxh6 f3 40.
Nxg4 f2 41. Nxf2 Rxf2 42. Bf3 Kb6 43. h5 Kc5 44. h6 Rb2 45. Kg3 Kd4 46. Kf4 Rb8
47. Kg5 Kxe5 48. h7 Kd4 49. Kf6 e5 50. Kg7 e4 51. Bh5 Rb7+ 52. Bf7 Rb2 53. h8=Q
Rxg2+ 54. Kf8+ 1-0

[Event "chess.com SpeedChess 2022"]
[Site "chess.com INT"]
[Date "2022.11.23"]
[Round "1.36"]
[White "Erigaisi, Arjun"]
[Black "Caruana, Fabiano"]
[Result "0-1"]
[WhiteTitle "GM"]
[BlackTitle "GM"]
[WhiteElo "2718"]
[BlackElo "2766"]
[WhiteFideId "35009192"]
[BlackFideId "2020009"]
[EventDate "2022.11.23"]
[EventType "k.o."]

1. e4 e6 2. Nf3 d5 3. Nc3 Nf6 4. e5 Nfd7 5. d4 c5 6. dxc5 Bxc5 7. Bd3 Nc6 8. Bf4
f6 9. exf6 Qxf6 10. Bg5 Qf7 11. Qe2 O-O 12. O-O-O h6 13. Kb1 Nb4 14. Bc1 Nxd3
15. cxd3 b6 16. d4 Bb4 17. Bd2 a5 18. Rhe1 Re8 19. Ka1 Ba6 20. Qe3 Rac8 21. Rc1
Bd6 22. h3 b5 23. Ne2 b4 24. Rxc8 Rxc8 25. Nc1 Nf6 26. Ne5 Bxe5 27. dxe5 Ne4 28.
f3 Nc5 29. Ne2 Nd3 30. Rb1 a4 31. Nd4 a3 32. bxa3 bxa3 33. Bc1 Qc7 34. Bxa3 Bc4
35. Qd2 Qxe5 36. Bb2 Qd6 37. Bc3 Ra8 38. Nb3 e5 39. Qc2 Qa3 40. Bd2 Nc5 41. Nc1
Qa6 42. Bb4 Ne6 43. Bc3 d4 44. Bb4 Qc6 45. Qb2 Qd5 46. Nb3 d3 47. a3 Nd4 48.
Nxd4 exd4 49. Rc1 Re8 50. Bd2 Re2 51. Qb4 Ba6 52. a4 Kh7 53. Kb2 Qe6 54. Rd1
Rxg2 55. Qxd4 Qc6 56. Qe4+ Qxe4 57. fxe4 Bb7 58. e5 Bf3 59. Rf1 Rxd2+ 60. Kc3
Rc2+ 61. Kxd3 Be2+ 62. Kxc2 Bxf1 63. h4 Kg6 0-1

[Event "chess.com SpeedChess 2022"]
[Site "chess.com INT"]
[Date "2022.11.23"]
[Round "1.37"]
[White "Caruana, Fabiano"]
[Black "Erigaisi, Arjun"]
[Result "0-1"]
[WhiteTitle "GM"]
[BlackTitle "GM"]
[WhiteElo "2766"]
[BlackElo "2718"]
[WhiteFideId "2020009"]
[BlackFideId "35009192"]
[EventDate "2022.11.23"]
[EventType "k.o."]

1. d4 e6 2. Nf3 Nf6 3. c4 c5 4. d5 exd5 5. cxd5 d6 6. Nc3 g6 7. e4 Bg7 8. Be2
O-O 9. O-O Bg4 10. h3 Bxf3 11. Bxf3 Na6 12. Re1 Nc7 13. a4 Re8 14. Bf4 h6 15.
Qd2 g5 16. Bh2 Nh7 17. Bg4 Be5 18. Bxe5 Rxe5 19. Bf5 Nf8 20. Ne2 Nxd5 21. exd5
Rxf5 22. Ng3 Rf4 23. Re3 Ng6 24. Rae1 Ne5 25. Qc2 Qf6 26. Ne4 Qg6 27. Qd1 g4 28.
hxg4 Rxg4 29. Rg3 h5 30. Rxg4 hxg4 31. Ng3 Kg7 32. Qd2 Rh8 33. Qf4 Kf8 34. Rd1
Qc2 35. Re1 Qh7 36. Qf6 Qh2+ 37. Kf1 Rh6 38. Qd8+ Kg7 39. Nf5+ Kh7 40. Nxh6 Qh1+
41. Ke2 Qxg2 42. Qf6 Qe4+ 43. Kf1 Qd3+ 44. Kg1 Nf3+ 45. Kh1 Nxe1 46. Qxf7+ Kxh6
47. Qf8+ Kg5 48. Qg7+ Qg6 49. Qe7+ Qf6 50. Qxe1 Qf3+ 51. Kg1 Qxd5 52. Qe7+ Kf5
53. Qd7+ Kf4 54. a5 a6 55. Kh2 Kf3 56. Kg1 Qd1+ 57. Kh2 Kxf2 58. Qxb7 g3+ 59.
Kh3 Qh5# 0-1

[Event "chess.com SpeedChess 2022"]
[Site "chess.com INT"]
[Date "2022.11.23"]
[Round "1.38"]
[White "Erigaisi, Arjun"]
[Black "Caruana, Fabiano"]
[Result "0-1"]
[WhiteTitle "GM"]
[BlackTitle "GM"]
[WhiteElo "2718"]
[BlackElo "2766"]
[WhiteFideId "35009192"]
[BlackFideId "2020009"]
[EventDate "2022.11.23"]
[EventType "k.o."]

1. e4 e5 2. Nf3 Nf6 3. Nxe5 d6 4. Nf3 Nxe4 5. Nc3 Nxc3 6. dxc3 Be7 7. Bd3 O-O 8.
O-O Nd7 9. Re1 Nc5 10. Bf4 Nxd3 11. Qxd3 Re8 12. h3 h6 13. Re2 Bf6 14. Rae1 Rxe2
15. Rxe2 Bd7 16. Nd2 Qf8 17. Qf3 Bc6 18. Ne4 Be7 19. Qg3 f5 20. Nd2 g5 21. Nb3
Re8 22. Nd4 Bd7 23. Bd2 Bf6 24. Qf3 Rxe2 25. Qxe2 c6 26. Qd3 Bg7 27. c4 Qf6 28.
Bc3 Qg6 29. Ne2 Bf8 30. Qd4 b6 31. a4 Kf7 32. a5 c5 33. Qd2 Qe6 34. axb6 axb6
35. b3 Bc6 36. Ng3 f4 37. Nf1 d5 38. cxd5 Qxd5 39. f3 Qxd2 40. Nxd2 b5 41. Kf2
Ke6 42. Bb2 b4 43. c3 Bg7 44. Nb1 Bd5 45. c4 Bxb2 46. cxd5+ Kxd5 47. Nd2 Kd4 0-1

[Event "chess.com SpeedChess 2022"]
[Site "chess.com INT"]
[Date "2022.11.23"]
[Round "1.39"]
[White "Caruana, Fabiano"]
[Black "Erigaisi, Arjun"]
[Result "1-0"]
[WhiteTitle "GM"]
[BlackTitle "GM"]
[WhiteElo "2766"]
[BlackElo "2718"]
[WhiteFideId "2020009"]
[BlackFideId "35009192"]
[EventDate "2022.11.23"]
[EventType "k.o."]

1. e3 Nf6 2. Nf3 g6 3. d4 Bg7 4. b3 O-O 5. Bb2 d6 6. Nbd2 Nbd7 7. Be2 Qe8 8. O-O
b6 9. c4 Bb7 10. Qc2 e5 11. b4 Qe7 12. d5 Rae8 13. a4 e4 14. Nd4 h5 15. h3 Nh7
16. a5 h4 17. axb6 axb6 18. Ra7 Rb8 19. Qxe4 Qd8 20. Qc2 Re8 21. Rfa1 Ng5 22.
N2f3 Ne4 23. Bd3 Ndf6 24. Nc6 Bxc6 25. dxc6 d5 26. cxd5 Qd6 27. b5 Nc5 28. Bc4
Nfe4 29. Bxg7 Kxg7 30. Nxh4 Qf6 31. Nf3 Nd6 32. Bf1 Rh8 33. R1a2 Qe7 34. Qb2+ f6
35. Nd4 Rh5 36. Qe2 Rxd5 37. Qf3 Nce4 38. Rxc7 1-0

[Event "chess.com SpeedChess 2022"]
[Site "chess.com INT"]
[Date "2022.11.27"]
[Round "1.11"]
[White "Ding, Liren"]
[Black "Grischuk, Alexander"]
[Result "1/2-1/2"]
[WhiteTitle "GM"]
[BlackTitle "GM"]
[WhiteElo "2811"]
[BlackElo "2745"]
[WhiteFideId "8603677"]
[BlackFideId "4126025"]
[EventDate "2022.11.23"]
[EventType "k.o."]

1. d4 Nf6 2. c4 e6 3. Nf3 d5 4. Nc3 Be7 5. Bf4 O-O 6. e3 Nbd7 7. cxd5 Nxd5 8.
Nxd5 exd5 9. Bd3 c5 10. O-O c4 11. Bc2 b5 12. b3 a5 13. bxc4 bxc4 14. h3 Ra6 15.
Qe2 Rb6 16. Rfb1 Rb4 17. a3 Rxb1+ 18. Rxb1 Bxa3 19. Rb5 Nf6 20. Bg5 Be6 21. Ne5
Re8 22. Nc6 Qc7 23. Rxa5 Qxc6 24. Rxa3 Ne4 25. Bf4 Ra8 26. Rxa8+ Qxa8 27. f3 Nf6
28. Kh2 Qa1 29. Qd2 Qa3 30. e4 Nd7 31. e5 Nf8 32. Bg3 Ng6 33. Be1 Ne7 34. Qb4
Qxb4 35. Bxb4 Bf5 36. Ba4 Ng6 37. g4 Bd3 38. Kg3 Nf8 39. Kf2 Ne6 40. Ke3 g5 41.
Bc6 Nf4 42. h4 h6 43. h5 Kg7 44. Bd2 Kg8 45. Kf2 Ne6 46. Bc3 Nf4 47. Bd2 Ne6 48.
Be3 Nc7 49. f4 gxf4 50. Bxf4 Kg7 51. Ke3 Kh7 52. Bg3 Kg7 53. Bh4 Kh7 54. Bd8 Ne6
55. Ba5 Be4 56. Bd2 Kg7 57. Bb4 Kh7 58. Bd2 Kg7 59. Bb4 Kh7 60. Bd2 1/2-1/2

[Event "chess.com SpeedChess 2022"]
[Site "chess.com INT"]
[Date "2022.11.27"]
[Round "1.12"]
[White "Grischuk, Alexander"]
[Black "Ding, Liren"]
[Result "0-1"]
[WhiteTitle "GM"]
[BlackTitle "GM"]
[WhiteElo "2745"]
[BlackElo "2811"]
[WhiteFideId "4126025"]
[BlackFideId "8603677"]
[EventDate "2022.11.23"]
[EventType "k.o."]

1. Nf3 d5 2. g3 Nf6 3. Bg2 c5 4. O-O e6 5. c4 d4 6. e3 Nc6 7. exd4 cxd4 8. d3
Bd6 9. Na3 O-O 10. Nc2 e5 11. b4 Re8 12. Re1 a6 13. a4 Bf5 14. Rb1 Rc8 15. Bg5
h6 16. Bxf6 Qxf6 17. Nh4 Bd7 18. Bd5 b6 19. Qf3 Qxf3 20. Nxf3 Kf8 21. b5 axb5
22. axb5 Ne7 23. Nxe5 Bxe5 24. Rxe5 f6 25. Rxe7 Kxe7 26. Nxd4 Kd6 27. Kg2 Kc5
28. Nc2 Re2 29. d4+ Kd6 30. Ne3 Rd2 31. c5+ bxc5 0-1

[Event "chess.com SpeedChess 2022"]
[Site "chess.com INT"]
[Date "2022.11.27"]
[Round "1.13"]
[White "Ding, Liren"]
[Black "Grischuk, Alexander"]
[Result "1/2-1/2"]
[WhiteTitle "GM"]
[BlackTitle "GM"]
[WhiteElo "2811"]
[BlackElo "2745"]
[WhiteFideId "8603677"]
[BlackFideId "4126025"]
[EventDate "2022.11.23"]
[EventType "k.o."]

1. c4 c5 2. g3 g6 3. Bg2 Bg7 4. e3 e6 5. d4 cxd4 6. exd4 d5 7. cxd5 exd5 8. Ne2
Ne7 9. Nbc3 Nbc6 10. O-O O-O 11. Be3 Be6 12. Nf4 Qd7 13. Nxe6 fxe6 14. g4 Nc8
15. h3 Nd6 16. b3 Rf7 17. Rc1 Raf8 18. Rc2 a6 19. f4 Qd8 20. Rcf2 Kh8 21. Ne2
Qb6 22. Qd2 Qd8 23. Bf3 Qe7 24. Kg2 Qd8 25. Qd3 Nb4 26. Qd2 Nc6 27. Qd3 Nb4 28.
Qd2 Nc6 1/2-1/2

[Event "chess.com SpeedChess 2022"]
[Site "chess.com INT"]
[Date "2022.11.27"]
[Round "1.14"]
[White "Grischuk, Alexander"]
[Black "Ding, Liren"]
[Result "1-0"]
[WhiteTitle "GM"]
[BlackTitle "GM"]
[WhiteElo "2745"]
[BlackElo "2811"]
[WhiteFideId "4126025"]
[BlackFideId "8603677"]
[EventDate "2022.11.23"]
[EventType "k.o."]

1. e4 e5 2. Nf3 Nc6 3. Bb5 a6 4. Ba4 Nf6 5. O-O Be7 6. Re1 b5 7. Bb3 O-O 8. a4
b4 9. c3 d5 10. exd5 Nxd5 11. d4 exd4 12. cxd4 Be6 13. Nbd2 Na5 14. Bc2 Rb8 15.
Ne4 b3 16. Bb1 Bf5 17. Nf6+ Bxf6 18. Bxf5 Nb4 19. Bf4 g6 20. Be4 Re8 21. Rc1 Re7
22. h4 Qe8 23. Bxc7 1-0

[Event "chess.com SpeedChess 2022"]
[Site "chess.com INT"]
[Date "2022.11.27"]
[Round "1.15"]
[White "Ding, Liren"]
[Black "Grischuk, Alexander"]
[Result "1-0"]
[WhiteTitle "GM"]
[BlackTitle "GM"]
[WhiteElo "2811"]
[BlackElo "2745"]
[WhiteFideId "8603677"]
[BlackFideId "4126025"]
[EventDate "2022.11.23"]
[EventType "k.o."]

1. Nf3 Nf6 2. g3 c5 3. Bg2 Nc6 4. c4 d5 5. cxd5 Nxd5 6. Nc3 g6 7. Qb3 e6 8. Ne4
f5 9. Nc3 Bg7 10. O-O O-O 11. d3 Kh8 12. Qb5 Qe7 13. Bg5 Qd6 14. Nxd5 exd5 15.
Bf4 Qe7 16. Rfe1 Nb4 17. d4 cxd4 18. Rac1 Nc6 19. Qxd5 Be6 20. Qb5 Rfe8 21. a3
Bg8 22. h4 h6 23. b4 Rad8 24. Qd3 Bd5 25. b5 Be4 26. Qd2 Nb8 27. Bxh6 Nd7 28.
Bxg7+ Kxg7 29. Qxd4+ Nf6 30. Qxa7 Ng4 31. Qc5 Qf6 32. Qc7+ Kh6 33. Qf4+ Kg7 34.
Rc7+ Re7 35. Rec1 Rdd7 36. b6 Bxf3 37. Bxf3 Ne5 38. Rxd7 Rxd7 39. Rc7 Re7 40.
Rxe7+ Qxe7 41. Qd4 Kh6 42. Kg2 1-0

[Event "chess.com SpeedChess 2022"]
[Site "chess.com INT"]
[Date "2022.11.27"]
[Round "1.16"]
[White "Grischuk, Alexander"]
[Black "Ding, Liren"]
[Result "1-0"]
[WhiteTitle "GM"]
[BlackTitle "GM"]
[WhiteElo "2745"]
[BlackElo "2811"]
[WhiteFideId "4126025"]
[BlackFideId "8603677"]
[EventDate "2022.11.23"]
[EventType "k.o."]

1. e4 e5 2. Nf3 Nc6 3. Bb5 a6 4. Ba4 Nf6 5. O-O Be7 6. Re1 b5 7. Bb3 O-O 8. a4
b4 9. c3 d5 10. exd5 Nxd5 11. d4 bxc3 12. Nxc3 Nxc3 13. bxc3 exd4 14. Qd3 Rb8
15. cxd4 Nb4 16. Qc3 Bb7 17. Ba3 a5 18. Ne5 Bd6 19. Rad1 Nd5 20. Qc1 Bxa3 21.
Qxa3 Nf4 22. d5 Re8 23. g3 Nxd5 24. Qc5 c6 25. Nxc6 Bxc6 26. Qxc6 Rxe1+ 27. Rxe1
Nf6 28. Bc4 Rc8 29. Qa6 h6 30. Bf1 Rc5 31. Qd3 Qxd3 32. Bxd3 g5 33. Bb5 Rc2 34.
h3 Kg7 35. Re5 Nh7 36. Bd3 1-0

[Event "chess.com SpeedChess 2022"]
[Site "chess.com INT"]
[Date "2022.11.27"]
[Round "1.17"]
[White "Ding, Liren"]
[Black "Grischuk, Alexander"]
[Result "1-0"]
[WhiteTitle "GM"]
[BlackTitle "GM"]
[WhiteElo "2811"]
[BlackElo "2745"]
[WhiteFideId "8603677"]
[BlackFideId "4126025"]
[EventDate "2022.11.23"]
[EventType "k.o."]

1. Nf3 Nf6 2. g3 d5 3. Bg2 c5 4. O-O g6 5. d4 cxd4 6. Nxd4 Bg7 7. Nb3 O-O 8. Nc3
e6 9. e4 Nc6 10. exd5 Nxd5 11. Nxd5 exd5 12. c3 d4 13. cxd4 Nxd4 14. Be3 Nc6 15.
Nc5 Qe7 16. Re1 Rd8 17. Qb3 Qc7 18. Rac1 Qb6 19. Nxb7 Qxb3 20. Nxd8 Qxb2 21.
Nxc6 Bb7 22. Rb1 Qc3 23. Rec1 1-0

[Event "chess.com SpeedChess 2022"]
[Site "chess.com INT"]
[Date "2022.11.27"]
[Round "1.18"]
[White "Grischuk, Alexander"]
[Black "Ding, Liren"]
[Result "1-0"]
[WhiteTitle "GM"]
[BlackTitle "GM"]
[WhiteElo "2745"]
[BlackElo "2811"]
[WhiteFideId "4126025"]
[BlackFideId "8603677"]
[EventDate "2022.11.23"]
[EventType "k.o."]

1. e4 e5 2. Nf3 Nc6 3. Bb5 Nf6 4. O-O Nxe4 5. d4 Nd6 6. Bxc6 dxc6 7. dxe5 Nf5 8.
Qxd8+ Kxd8 9. h3 Be7 10. Nc3 Nh4 11. Nxh4 Bxh4 12. Rd1+ Ke8 13. Ne2 Be7 14. g4
h5 15. f3 hxg4 16. hxg4 f5 17. exf6 gxf6 18. Bf4 f5 19. g5 Rg8 20. Kf2 Bxg5 21.
Bxg5 Rxg5 22. Nf4 Bd7 23. Rh1 Kf7 24. Rad1 Be8 25. Rde1 Rc8 26. Rh6 Kg8 27. Reh1
Kf7 28. Nd3 f4 29. Nxf4 Bd7 30. Nd3 Rcg8 31. Rh7+ R8g7 32. Rxg7+ Kxg7 33. Rg1
Kf6 34. Rxg5 Kxg5 35. c3 Be6 36. a3 b6 37. Ke3 c5 38. Nf4 Bc4 39. Ke4 a5 40. Nd5
Bxd5+ 41. Kxd5 Kf4 42. Kc6 Kxf3 43. Kxc7 Ke4 44. Kxb6 1-0

[Event "chess.com SpeedChess 2022"]
[Site "chess.com INT"]
[Date "2022.11.27"]
[Round "1.19"]
[White "Ding, Liren"]
[Black "Grischuk, Alexander"]
[Result "1-0"]
[WhiteTitle "GM"]
[BlackTitle "GM"]
[WhiteElo "2811"]
[BlackElo "2745"]
[WhiteFideId "8603677"]
[BlackFideId "4126025"]
[EventDate "2022.11.23"]
[EventType "k.o."]

1. Nf3 Nf6 2. g3 c5 3. Bg2 Nc6 4. c4 d5 5. cxd5 Nxd5 6. Nc3 g6 7. Qb3 Nb6 8. Qb5
Bg7 9. Qxc5 O-O 10. O-O e5 11. d3 Re8 12. Bg5 f6 13. Be3 Be6 14. Qb5 Nd4 15.
Bxd4 exd4 16. Ne4 f5 17. Nc5 Bd5 18. Rfe1 Rc8 19. Rac1 Re7 20. a4 a6 21. Qb4 Bc6
22. Qb3+ Bd5 23. Qb4 Bc6 24. a5 Nd5 25. Qb3 Kh8 26. Ng5 Qd6 27. Nxb7 Bxb7 28.
Rxc8+ Bxc8 29. Bxd5 Qc5 30. Nf7+ Kg8 31. Nd6+ Kh8 32. Nxc8 Qxc8 33. Qb6 f4 34.
Kg2 Re5 35. Bf3 Rb5 36. Qd6 Rxb2 37. Qxf4 Rb5 38. Rc1 Qd8 39. Rc6 Rxa5 40. Bg4
Re5 41. Rc8 1-0

[Event "chess.com SpeedChess 2022"]
[Site "chess.com INT"]
[Date "2022.11.27"]
[Round "1.21"]
[White "Grischuk, Alexander"]
[Black "Ding, Liren"]
[Result "1/2-1/2"]
[WhiteTitle "GM"]
[BlackTitle "GM"]
[WhiteElo "2745"]
[BlackElo "2811"]
[WhiteFideId "4126025"]
[BlackFideId "8603677"]
[EventDate "2022.11.23"]
[EventType "k.o."]

1. e4 e5 2. Nf3 Nc6 3. Bb5 a6 4. Ba4 Nf6 5. O-O Be7 6. Re1 b5 7. Bb3 O-O 8. a4
b4 9. a5 d6 10. d3 Be6 11. Bxe6 fxe6 12. h3 Rb8 13. Be3 Qe8 14. Nbd2 Rb5 15. c3
h6 16. Qc2 Qd7 17. d4 bxc3 18. bxc3 exd4 19. Nxd4 Nxd4 20. cxd4 Rfb8 21. Rec1
Bd8 22. Ra2 Qe8 23. Nf3 Qg6 24. e5 Qxc2 25. Raxc2 Nd5 26. exd6 cxd6 27. Rc6 Bxa5
28. Rxd6 R5b6 29. Rd7 R6b7 30. Rd6 Rb6 31. Rd7 R6b7 32. Rd6 Rb6 1/2-1/2

[Event "chess.com SpeedChess 2022"]
[Site "chess.com INT"]
[Date "2022.11.27"]
[Round "1.22"]
[White "Ding, Liren"]
[Black "Grischuk, Alexander"]
[Result "1-0"]
[WhiteTitle "GM"]
[BlackTitle "GM"]
[WhiteElo "2811"]
[BlackElo "2745"]
[WhiteFideId "8603677"]
[BlackFideId "4126025"]
[EventDate "2022.11.23"]
[EventType "k.o."]

1. Nf3 d5 2. g3 Nf6 3. Bg2 e6 4. O-O Be7 5. d4 O-O 6. c4 dxc4 7. Qc2 a6 8. a4
Bd7 9. Qxc4 Bc6 10. Bg5 Nbd7 11. Rd1 h6 12. Bxf6 Nxf6 13. Nbd2 a5 14. Qd3 Bb4
15. e4 Bxd2 16. Nxd2 Qe7 17. Nc4 Rfd8 18. Ne5 Be8 19. Qc3 b6 20. b3 Rac8 21.
Rac1 Qa3 22. h4 Qe7 23. Qe3 Kf8 24. Rc3 Kg8 25. Rdc1 Kf8 26. g4 Nh7 27. Qf4 Kg8
28. Nf3 c5 29. dxc5 Rxc5 30. Rxc5 bxc5 31. g5 hxg5 32. hxg5 Nf8 33. Ne5 Rb8 34.
Rc3 Qd6 35. Rh3 Rb6 36. Qh4 Ng6 37. Nxg6 fxg6 38. Qh8+ Kf7 39. Rf3+ Ke7 40.
Qxg7+ Kd8 41. Bf1 Qd4 42. Rd3 1-0

[Event "chess.com SpeedChess 2022"]
[Site "chess.com INT"]
[Date "2022.11.27"]
[Round "1.23"]
[White "Grischuk, Alexander"]
[Black "Ding, Liren"]
[Result "1/2-1/2"]
[WhiteTitle "GM"]
[BlackTitle "GM"]
[WhiteElo "2745"]
[BlackElo "2811"]
[WhiteFideId "4126025"]
[BlackFideId "8603677"]
[EventDate "2022.11.23"]
[EventType "k.o."]

1. e4 e5 2. Nf3 Nc6 3. Bb5 a6 4. Ba4 Nf6 5. O-O Be7 6. Re1 b5 7. Bb3 O-O 8. a4
b4 9. a5 d6 10. d3 Be6 11. Bxe6 fxe6 12. h3 Rb8 13. Be3 Rb5 14. Nbd2 h6 15. c3
Qd7 16. Qe2 Ra8 17. d4 bxc3 18. bxc3 exd4 19. Nxd4 Nxd4 20. cxd4 Bd8 21. Rec1 c6
22. e5 dxe5 23. dxe5 Rxe5 24. Nc4 Rb5 25. Bb6 Rc8 26. Re1 Nd5 27. Bxd8 Rxd8 28.
Qxe6+ Qxe6 29. Rxe6 Rc5 30. Nb6 Nxb6 31. axb6 Kf7 32. Re3 a5 33. Rf3+ Kg6 34.
Rg3+ Kf7 35. Rf3+ Kg6 36. Rg3+ Kf7 37. Rf3+ 1/2-1/2

[Event "chess.com SpeedChess 2022"]
[Site "chess.com INT"]
[Date "2022.11.27"]
[Round "1.24"]
[White "Ding, Liren"]
[Black "Grischuk, Alexander"]
[Result "1/2-1/2"]
[WhiteTitle "GM"]
[BlackTitle "GM"]
[WhiteElo "2811"]
[BlackElo "2745"]
[WhiteFideId "8603677"]
[BlackFideId "4126025"]
[EventDate "2022.11.23"]
[EventType "k.o."]

1. Nf3 d5 2. g3 Nf6 3. Bg2 e6 4. O-O Be7 5. d4 O-O 6. c4 dxc4 7. Qc2 a6 8. a4
Bd7 9. Qxc4 Bc6 10. Bg5 Bd5 11. Qc2 Be4 12. Qc1 Nc6 13. Nbd2 Nxd4 14. Nxd4 Bxg2
15. Nxe6 Qd6 16. Nxf8 Bxf1 17. Nxh7 Bxe2 18. Nxf6+ gxf6 19. Ne4 Qe5 20. Qe3 Bh5
21. Bf4 Qe6 22. Re1 Bg6 23. Kg2 b5 24. f3 bxa4 25. Qc3 Rb8 26. Nf2 Bb4 27. Qxc7
Bxe1 28. Qxb8+ Kg7 29. Qd6 Qe2 30. Qd4 Bc2 31. Qe3 Qxf2+ 32. Qxf2 Bxf2 33. Kxf2
f5 34. Ke3 Kg6 35. Be5 Bd1 36. f4 Bc2 37. Kd4 Bd1 38. Kc5 Bb3 39. Kb6 Bc2 40.
Kxa6 Bb3 41. Kb6 Bc2 42. Kc5 Bb3 43. Kd6 Bd1 44. Ke7 Be2 45. Bc3 Bd1 46. Bd4 Be2
47. Bc3 Bd1 48. Bd4 Be2 49. Bc3 1/2-1/2

[Event "chess.com SpeedChess 2022"]
[Site "chess.com INT"]
[Date "2022.11.27"]
[Round "1.25"]
[White "Grischuk, Alexander"]
[Black "Ding, Liren"]
[Result "1/2-1/2"]
[WhiteTitle "GM"]
[BlackTitle "GM"]
[WhiteElo "2745"]
[BlackElo "2811"]
[WhiteFideId "4126025"]
[BlackFideId "8603677"]
[EventDate "2022.11.23"]
[EventType "k.o."]

1. e4 e5 2. Nf3 Nc6 3. Bb5 a6 4. Ba4 Nf6 5. O-O Be7 6. d3 b5 7. Bb3 d6 8. a4 Bd7
9. Bd2 O-O 10. Re1 h6 11. h3 Re8 12. c3 Na5 13. Bc2 c5 14. Be3 Bf8 15. Nbd2 d5
16. exd5 Nxd5 17. axb5 axb5 18. Ne4 Nxe3 19. Rxe3 f5 20. Ned2 Bd6 21. Qe2 Qf6
22. Re1 Nc6 23. Bb3+ Be6 24. Bxe6+ Qxe6 25. Qd1 Qd5 26. Qc2 Rf8 27. R3e2 Rf6 28.
Nf1 Qf7 29. N1d2 Kh8 30. Qb3 Qxb3 31. Nxb3 Kh7 32. Nbd2 Ra2 33. Nf1 Rf7 34. Ne3
g6 35. Rd1 Kg7 36. g3 Rfa7 37. Kg2 Ra1 38. Ree1 Rxd1 39. Rxd1 Ra2 40. Rb1 Kf6
41. Nd2 Ke6 42. Nb3 Ne7 43. Nc1 Ra6 44. Nb3 Nd5 45. Nd2 Nf6 46. Kf3 h5 47. Ke2
Ra8 48. Nb3 Ra2 49. Nc1 Ra4 50. Nb3 Ra2 51. Nc1 Ra4 52. Nb3 Ra2 1/2-1/2

[Event "chess.com SpeedChess 2022"]
[Site "chess.com INT"]
[Date "2022.11.27"]
[Round "1.26"]
[White "Ding, Liren"]
[Black "Grischuk, Alexander"]
[Result "1-0"]
[WhiteTitle "GM"]
[BlackTitle "GM"]
[WhiteElo "2811"]
[BlackElo "2745"]
[WhiteFideId "8603677"]
[BlackFideId "4126025"]
[EventDate "2022.11.23"]
[EventType "k.o."]

1. Nf3 d5 2. g3 c6 3. Bg2 Bf5 4. c4 e6 5. Qb3 Qb6 6. d3 Nd7 7. cxd5 exd5 8. Qc2
Ngf6 9. O-O Be7 10. Nc3 O-O 11. e4 Bg6 12. Be3 Qa6 13. h3 Rfd8 14. Nh4 Ne5 15.
Nxg6 hxg6 16. d4 Nc4 17. e5 Nh7 18. h4 Nf8 19. Bh3 c5 20. Rad1 Qc6 21. Ne2 Ne6
22. Bxe6 Qxe6 23. Nf4 Qg4 24. Kh2 Rac8 25. e6 cxd4 26. exf7+ Kh7 27. Bxd4 Ne3
28. Qd3 Nxf1+ 29. Rxf1 Bd6 30. Nh3 Qxh4 31. Kg2 Qe4+ 32. Qxe4 dxe4 33. Rh1 1-0